[Event "Sparkassen-Open A"]
[Site "Heusenstamm, Martinsee"]
[Date "2019.11.23"]
[Round "5.18"]
[White "Chassard, Cedric"]
[Black "Grabowski, Pawel"]
[Result "0-1"]
[WhiteElo "2037"]
[BlackElo "2271"]
[PlyCount "100"]
[EventDate "2019.??.??"]
[WhiteTeam "SV Riegelsberg"]
[BlackTeam "Godesberger SK"]

1. e4 e5 2. Nf3 Nc6 3. Bc4 g6 4. d4 exd4 5. Nxd4 Bg7 6. Be3 Qe7 7. Nc3 Qb4 8.
Nxc6 Bxc3+ 9. bxc3 Qxc3+ 10. Bd2 Qxc4 11. Na5 Qxe4+ 12. Kf1 b6 13. Nb3 Ba6+ 14.
Kg1 Ne7 15. Bc3 Bb7 16. Qf1 O-O 17. Re1 Qxc2 18. Qc4 Nd5 19. Rc1 Qxa2 20. Ra1
Qc2 21. Rc1 Qf5 22. Nd4 Qg4 23. Rc2 Nxc3 24. f4 Qxf4 25. Qxc3 c5 26. Ne2 Qg4
27. Ng3 Rae8 28. h3 Qf4 29. Rf2 Re3 30. Rxf4 Rxc3 31. Ne2 Rc2 32. Kf2 Re8 33.
Re1 Ba6 34. h4 Rcxe2+ 35. Rxe2 Bxe2 36. h5 gxh5 37. Ra4 a5 38. g3 d5 39. g4
Bxg4 40. Kg3 Re3+ 41. Kh4 h6 42. Rxg4+ hxg4 43. Kxg4 a4 44. Kh5 a3 45. Kxh6 Rg3
46. Kh5 a2 47. Kh4 Rg6 48. Kh3 a1=Q 49. Kh2 Qg1+ 50. Kh3 Qh1# 0-1

[Event "Sparkassen-Open A"]
[Site "Heusenstamm, Martinsee"]
[Date "2019.11.23"]
[Round "5.19"]
[White "Schmidbauer, Frank"]
[Black "Euler, Gerd"]
[Result "0-1"]
[WhiteElo "2040"]
[BlackElo "2270"]
[PlyCount "90"]
[EventDate "2019.??.??"]
[WhiteTeam "SV Wollishofen Zürich"]
[BlackTeam "SSG Hungen-Lich"]

1. Nf3 f5 2. g3 Nf6 3. Bg2 g6 4. b3 Bg7 5. Bb2 O-O 6. O-O d6 7. d4 c6 8. Nbd2
a5 9. c4 a4 10. Qc2 Na6 11. Bc3 Nc7 12. e4 fxe4 13. Nxe4 Nxe4 14. Qxe4 Bf5 15.
Qe3 Qd7 16. Rfe1 Bf6 17. Ng5 h6 18. Ne4 Bg7 19. Nd2 Rf7 20. f4 axb3 21. axb3
Re8 22. Nf3 Bf6 23. b4 b5 24. cxb5 Nxb5 25. Bb2 Rb8 26. Qb3 Nc7 27. Ra7 Qc8 28.
Rc1 Nb5 29. Ra5 e6 30. Kh1 Be4 31. Qc4 Qd7 32. Nd2 Bd5 33. Qd3 Kh7 34. Be4
Bxe4+ 35. Nxe4 Bg7 36. Ra6 Rc8 37. Ra5 Qb7 38. h4 Rf5 39. Rxb5 cxb5 40. Rxc8
Qxc8 41. Nxd6 Qc6+ 42. Ne4 Rd5 43. Kh2 Qc4 44. Qb1 Qxb4 45. h5 Rxh5+ 0-1

[Event "Sparkassen-Open A"]
[Site "Heusenstamm, Martinsee"]
[Date "2019.11.23"]
[Round "5.20"]
[White "Alber, Horst"]
[Black "Steudel, Max"]
[Result "1/2-1/2"]
[WhiteElo "2267"]
[BlackElo "1912"]
[PlyCount "89"]
[EventDate "2019.??.??"]
[WhiteTeam "SK Marburg"]
[BlackTeam "SC Brett vorm Kopp"]

1. d4 d5 2. c4 e6 3. Nc3 Be7 4. Bf4 Nf6 5. e3 O-O 6. Bd3 c5 7. Nf3 b6 8. O-O
cxd4 9. Nxd4 dxc4 10. Bxc4 Bb7 11. Ndb5 Nbd7 12. Be2 e5 13. Bg3 Re8 14. Rc1 a6
15. Nd6 Bxd6 16. Qxd6 Rc8 17. Rfd1 Qc7 18. Qxc7 Rxc7 19. Nd5 Rxc1 20. Nxf6+
Nxf6 21. Rxc1 Re7 22. Bh4 Rd7 23. Rd1 Rxd1+ 24. Bxd1 Bd5 25. a3 Nd7 26. Bd8 f6
27. Bg4 Bc6 28. Be6+ Kf8 29. b4 Ke8 30. Bc7 Ke7 31. Bg8 h6 32. f4 exf4 33. exf4
b5 34. Kf2 f5 35. Bh7 Be4 36. g4 Nf6 37. Bxf5 Bxf5 38. gxf5 Ng4+ 39. Kg3 Ne3
40. Kf3 Nxf5 41. Ke4 Ke6 42. Be5 g6 43. Bb2 h5 44. Bc1 Kd6 45. Bb2 1/2-1/2

[Event "Sparkassen-Open A"]
[Site "Heusenstamm, Martinsee"]
[Date "2019.11.23"]
[Round "5.21"]
[White "van der Valk, Niklas"]
[Black "Kagan, Dennis"]
[Result "1-0"]
[WhiteElo "2133"]
[BlackElo "2055"]
[PlyCount "109"]
[EventDate "2019.??.??"]
[WhiteTeam "SG Trier"]
[BlackTeam "SG Porz"]

1. c4 e6 2. Nf3 Nf6 3. g3 Be7 4. Bg2 O-O 5. O-O d5 6. d4 dxc4 7. Qa4 a6 8. Qxc4
b5 9. Qc2 Bb7 10. Bg5 Nbd7 11. Bxf6 Nxf6 12. Nbd2 Rc8 13. Nb3 Be4 14. Qc3 Qd5
15. Nc5 Bxc5 16. dxc5 Rfd8 17. Rfc1 Qh5 18. Qa5 Ng4 19. h3 Bxf3 20. exf3 Ne5
21. Qxa6 Nxf3+ 22. Kh1 Qf5 23. Qxb5 Ng5 24. h4 Nh3 25. Bxh3 Qxh3+ 26. Kg1 Qg4
27. Rc4 Qe2 28. Rb4 Qc2 29. Qc4 Rd2 30. Rc1 Rd1+ 31. Rxd1 Qxd1+ 32. Kg2 Rd8 33.
Qb3 Qd7 34. Rb8 h5 35. Rxd8+ Qxd8 36. a4 g5 37. hxg5 Qxg5 38. Qb8+ Kg7 39. Qxc7
Qd5+ 40. Kh2 Qd4 41. Qf4 Qxc5 42. b4 Qb6 43. Qg5+ Kh7 44. Qxh5+ Kg8 45. Qg5+
Kh7 46. Qc5 Qa6 47. Qc2+ Kg8 48. b5 Qb6 49. Kg2 Qa7 50. Qb3 Qb7+ 51. Kg1 e5 52.
b6 e4 53. a5 Kh7 54. a6 Qxa6 55. b7 1-0

[Event "Sparkassen-Open A"]
[Site "Heusenstamm, Martinsee"]
[Date "2019.11.23"]
[Round "5.22"]
[White "Spilles, Matthias"]
[Black "Artola Pola, Gerardo"]
[Result "1-0"]
[WhiteElo "2074"]
[BlackElo "2006"]
[PlyCount "147"]
[EventDate "2019.??.??"]
[WhiteTeam "Brühler SK"]
[BlackTeam "Frankfurter TV"]

1. e4 d6 2. d4 Nf6 3. Nc3 g6 4. Be3 a6 5. Qd2 b5 6. f3 Bb7 7. O-O-O h6 8. Bd3
e6 9. Nh3 Nbd7 10. Rhe1 Qe7 11. Kb1 O-O-O 12. Nf2 c5 13. Bxb5 axb5 14. Nxb5 Ba6
15. Qa5 Bxb5 16. Qxb5 Nb8 17. dxc5 dxc5 18. Rxd8+ Qxd8 19. Bf4 Nfd7 20. Rd1 Qb6
21. Qc4 Bg7 22. b3 Ne5 23. Qc3 f6 24. Bxe5 fxe5 25. Nd3 Rd8 26. Rf1 Nd7 27. Kb2
Qc7 28. Qc4 Qd6 29. c3 Kb7 30. Rd1 Kc7 31. Nxc5 Qxd1 32. Nxe6+ Kd6 33. Nxd8 Ke7
34. Nc6+ Kf6 35. Qd5 Qxd5 36. exd5 Kf5 37. Kc2 Bf8 38. Kd3 Nc5+ 39. Ke3 h5 40.
b4 Bh6+ 41. Ke2 Na4 42. Kd3 g5 43. c4 g4 44. c5 Nb2+ 45. Ke2 Bg5 46. fxg4+ hxg4
47. d6 Ke6 48. d7 Kxd7 49. Nxe5+ Ke6 50. Nxg4 Kf5 51. Nf2 Bh6 52. g4+ Kg5 53.
Kf3 Bf8 54. Ke4 Na4 55. Kf3 Be7 56. Kg3 Nc3 57. h4+ Kg6 58. a3 Nb5 59. a4 Nc3
60. a5 Ne2+ 61. Kf3 Nd4+ 62. Ke4 Nc6 63. h5+ Kg5 64. a6 Na7 65. Ke5 Bf6+ 66.
Ke6 Bd4 67. Nd3 Kxg4 68. Kd5 Be3 69. Ne5+ Kxh5 70. Nc6 Nb5 71. a7 Nc7+ 72. Kd6
Bf4+ 73. Kd7 Kg6 74. b5 1-0

[Event "Sparkassen-Open A"]
[Site "Heusenstamm, Martinsee"]
[Date "2019.11.23"]
[Round "5.23"]
[White "Chandler, Patrick"]
[Black "Zweschper, Erich"]
[Result "1-0"]
[WhiteElo "2124"]
[BlackElo "2029"]
[PlyCount "181"]
[EventDate "2019.??.??"]
[WhiteTeam "SC Nied"]
[BlackTeam "SV Kelsterbach"]

1. b4 e5 2. Bb2 d6 3. e3 Nf6 4. c4 Be7 5. Nc3 c6 6. Nf3 Bf5 7. d3 O-O 8. Be2 h6
9. a3 Nbd7 10. O-O Re8 11. Qb3 Bf8 12. Rfd1 Bg4 13. Nd2 Bxe2 14. Nxe2 Qe7 15.
Ng3 g6 16. Bc3 h5 17. Nf3 Ng4 18. h3 Ngf6 19. e4 Nh7 20. Bd2 Bg7 21. Re1 Rf8
22. Rad1 Kh8 23. Bc3 Ng5 24. Nh2 Ne6 25. Ne2 c5 26. Qb2 Qg5 27. Nf3 Qe7 28.
bxc5 Ndxc5 29. Qc2 Ng5 30. Nxg5 Qxg5 31. Bd2 Qh4 32. Be3 f5 33. f3 Ne6 34. Qd2
Kh7 35. Bf2 Qe7 36. Nc3 b6 37. Nd5 Qf7 38. Be3 f4 39. Bf2 g5 40. Kf1 Rae8 41.
Qb4 Rd8 42. a4 g4 43. hxg4 hxg4 44. Ke2 Kg8 45. Rh1 Rd7 46. Kd2 Qg6 47. Rdg1
Kf7 48. Qb5 Rfd8 49. g3 Ng5 50. gxf4 Nxf3+ 51. Kc2 exf4 52. Nxf4 Qf6 53. Nd5
Qg5 54. Be3 Qxe3 55. Nxe3 Nd4+ 56. Kd2 Nxb5 57. axb5 Rh8 58. Rxh8 Bxh8 59. Rxg4
Be5 60. Nf5 Rd8 61. d4 Bf6 62. Kd3 Ke6 63. Rg3 Rh8 64. Rf3 Bg5 65. d5+ Kd7 66.
Nd4 Ke8 67. Ne6 Be7 68. Kd4 Rh2 69. Kd3 Rh1 70. Ng7+ Kd8 71. Nf5 Bf8 72. Ng3
Rh8 73. Ne2 Ke8 74. Nd4 Rh1 75. Nf5 Ra1 76. Kd4 Rd1+ 77. Rd3 Re1 78. Re3 Rd1+
79. Kc3 Ra1 80. e5 Ra3+ 81. Kd4 Rxe3 82. Kxe3 dxe5 83. Ke4 Kd7 84. Kxe5 Ba3 85.
Ke4 Bb2 86. Nd4 Kc7 87. Nc6 Kb7 88. Kf5 Ba3 89. Ke6 a5 90. d6 Bc1 91. d7 1-0

[Event "Sparkassen-Open A"]
[Site "Heusenstamm, Martinsee"]
[Date "2019.11.23"]
[Round "5.24"]
[White "Ohler, Julius"]
[Black "Villwock, Martin"]
[Result "1/2-1/2"]
[WhiteElo "1884"]
[BlackElo "2110"]
[PlyCount "73"]
[EventDate "2019.??.??"]
[WhiteTeam "SG Trier"]
[BlackTeam "SF Essen-Katernberg"]

1. c4 c5 2. g3 Nc6 3. Bg2 g6 4. Nc3 Bg7 5. Nf3 d6 6. O-O Qd7 7. d3 Bxc3 8. bxc3
b6 9. e4 h6 10. Qe2 e5 11. Ne1 Bb7 12. f4 O-O-O 13. f5 g5 14. g4 Nf6 15. h3
Rdg8 16. Rf3 Ne8 17. Nc2 f6 18. Ne3 Ne7 19. Bd2 Qa4 20. Qd1 Qa5 21. Qb3 Bc6 22.
a4 Rh7 23. Rff1 Rgh8 24. Be1 h5 25. Bg3 Nc7 26. Rfb1 Bd7 27. Be1 Kd8 28. d4
hxg4 29. hxg4 Ng8 30. Rd1 Kc8 31. Bg3 Bc6 32. Nd5 Ne8 33. Be1 Nh6 34. Ne3 Nf7
35. Nd5 Nh6 36. Ne3 Nf7 37. d5 1/2-1/2

[Event "Sparkassen-Open A"]
[Site "Heusenstamm, Martinsee"]
[Date "2019.11.23"]
[Round "5.25"]
[White "Nothnagel, Marian Can"]
[Black "Agnello, Francesco Claudio"]
[Result "1-0"]
[WhiteElo "2364"]
[BlackElo "2040"]
[PlyCount "51"]
[EventDate "2019.??.??"]
[WhiteTeam "SV Griesheim"]
[BlackTeam "vereinslos/Leipzig"]

1. e4 Nf6 2. e5 Nd5 3. d4 Nb6 4. Nf3 d5 5. a4 a5 6. Bd3 Bg4 7. h3 Bh5 8. g4 Bg6
9. Bxg6 hxg6 10. e6 fxe6 11. Qd3 Nc6 12. Ng5 Rh6 13. Nxe6 Qd6 14. Nxf8 Kxf8 15.
Bxh6 gxh6 16. O-O Kg7 17. Nc3 e5 18. dxe5 Nxe5 19. Qg3 Rf8 20. f4 Nec4 21. Qf2
Qf6 22. Rae1 Nxb2 23. Nb5 Rf7 24. Nd4 N2xa4 25. Re6 Qd8 26. Rxb6 1-0

[Event "Sparkassen-Open A"]
[Site "Heusenstamm, Martinsee"]
[Date "2019.11.23"]
[Round "5.26"]
[White "Mährlein, Christoph"]
[Black "Barzen, Pascal"]
[Result "0-1"]
[WhiteElo "2053"]
[BlackElo "2312"]
[PlyCount "122"]
[EventDate "2019.??.??"]
[WhiteTeam "SC Pforzheim"]
[BlackTeam "SG Trier"]

1. c4 e5 2. Nc3 Nc6 3. g3 Bc5 4. Bg2 a6 5. d3 d6 6. a3 Ba7 7. Nf3 Nf6 8. O-O h6
9. Nd5 O-O 10. b4 Nxd5 11. cxd5 Ne7 12. e4 f5 13. exf5 Bxf5 14. Nh4 Bd7 15. Be4
Bh3 16. Ng2 Qe8 17. Bb2 c6 18. dxc6 bxc6 19. d4 d5 20. Bf3 e4 21. Bg4 Bxg4 22.
Qxg4 Nf5 23. Rad1 Nd6 24. Nf4 Nc4 25. Bc1 Qc8 26. Qh5 Qf5 27. Qxf5 Rxf5 28. Ng2
Rf3 29. Ne3 Nd6 30. Rfe1 Kf7 31. Ng4 Nc4 32. Ne3 Nxe3 33. Rxe3 Rxe3 34. Bxe3
Ke6 35. Rc1 Kd7 36. Kg2 Bb6 37. Rb1 h5 38. h3 Bc7 39. g4 g6 40. Rf1 a5 41. Rb1
axb4 42. axb4 Rb8 43. f3 Bd6 44. Bd2 Ra8 45. Rb2 Ra3 46. gxh5 Rxf3 47. h6 Rg3+
48. Kf1 Rxh3 49. b5 cxb5 50. Rxb5 e3 51. Ba5 Rxh6 52. Rxd5 Ke6 53. Rg5 Bf4 54.
d5+ Kd7 55. Rg4 g5 56. Be1 Rh3 57. Kg2 Rh2+ 58. Kf3 Rh1 59. Bg3 Rh3 60. Kg2
Rxg3+ 61. Rxg3 e2 0-1

[Event "Sparkassen-Open A"]
[Site "Heusenstamm, Martinsee"]
[Date "2019.11.23"]
[Round "5.27"]
[White "Stümer, Paul"]
[Black "Stork, Oliver"]
[Result "0-1"]
[WhiteElo "2050"]
[BlackElo "2287"]
[PlyCount "56"]
[EventDate "2019.??.??"]
[WhiteTeam "SV Bergneustadt/Derschlag"]
[BlackTeam "SV Oberursel"]

1. Nf3 Nf6 2. c4 e6 3. e3 d5 4. b3 Be7 5. Bb2 O-O 6. Be2 c5 7. O-O Nc6 8. cxd5
Nxd5 9. d4 b6 10. Ne5 Nxe5 11. dxe5 Bb7 12. Na3 Qc7 13. Bf3 a6 14. Qe2 b5 15.
Rac1 Nb4 16. Bxb7 Qxb7 17. Ba1 Qe4 18. Rfd1 Rfd8 19. f3 Qg6 20. Nb1 h5 21. Nc3
Nd3 22. Rb1 Nxe5 23. Ne4 Rd5 24. Rbc1 Nd7 25. Rd2 Rd8 26. Bc3 Nf6 27. Nxf6+
Bxf6 28. Bxf6 Rxd2 0-1

[Event "Sparkassen-Open A"]
[Site "Heusenstamm, Martinsee"]
[Date "2019.11.23"]
[Round "5.28"]
[White "Pogan, Nikolas"]
[Black "Calvi, Stefan"]
[Result "1/2-1/2"]
[WhiteElo "2234"]
[BlackElo "2049"]
[PlyCount "113"]
[EventDate "2019.??.??"]
[WhiteTeam "Heilbronner SV"]
[BlackTeam "SF Frankfurt"]

1. Nf3 Nf6 2. g3 g6 3. Bg2 Bg7 4. c4 d6 5. d4 O-O 6. O-O c5 7. e3 Nc6 8. b3
cxd4 9. exd4 d5 10. Nc3 Bf5 11. Re1 e6 12. Ne5 Nxe5 13. dxe5 Ne4 14. Nxe4 dxe4
15. Bb2 Qxd1 16. Raxd1 Rfd8 17. Bc3 Rd3 18. Rxd3 exd3 19. Bxb7 Rd8 20. Bd2 Bf8
21. Bf3 h5 22. b4 Kh7 23. Bg2 Rd4 24. Rc1 g5 25. c5 g4 26. c6 Bxb4 27. Bxb4
Rxb4 28. c7 d2 29. c8=Q dxc1=Q+ 30. Qxc1 Rb1 31. Qf1 Bd3 32. Qxb1 Bxb1 33. a3
Kg6 34. f4 gxf3 35. Bxf3 Kg5 36. h4+ Kh6 37. Kf2 Bg6 38. Ke3 Kg7 39. Kf4 f6 40.
Be2 Kf7 41. Ba6 Ke7 42. a4 Bf5 43. Be2 Bg6 44. a5 Be8 45. Ke4 Bc6+ 46. Kd4 Be8
47. Bd1 Bg6 48. g4 hxg4 49. Bxg4 Bc2 50. Bf3 Kf7 51. h5 Bb3 52. Kc3 Ba2 53.
exf6 Kxf6 54. Kb4 Bb1 55. Be2 e5 56. Kb5 Kg5 57. Ka6 1/2-1/2

[Event "Sparkassen-Open A"]
[Site "Heusenstamm, Martinsee"]
[Date "2019.11.23"]
[Round "5.29"]
[White "Schröder, Jürgen"]
[Black "Hebbering, Tom Elliot"]
[Result "1/2-1/2"]
[WhiteElo "2041"]
[BlackElo "2226"]
[PlyCount "84"]
[EventDate "2019.??.??"]
[WhiteTeam "SC Matt im Park"]
[BlackTeam "SK Gernsheim"]

1. e4 c5 2. Be2 Nc6 3. d3 e6 4. f4 d5 5. Nf3 dxe4 6. dxe4 Qxd1+ 7. Bxd1 Nf6 8.
Nbd2 Be7 9. c3 O-O 10. e5 Nd5 11. Ne4 b6 12. Bc2 Bb7 13. Bd2 Rfd8 14. g4 b5 15.
O-O b4 16. Rae1 bxc3 17. bxc3 Ba6 18. Rf2 Bc4 19. f5 exf5 20. gxf5 Bxa2 21. f6
gxf6 22. exf6 Nxf6 23. Bg5 Nd5 24. Ba4 Bxg5 25. Bxc6 Be3 26. Rxe3 Nxe3 27. Rxa2
Rac8 28. Bd7 Rc7 29. Nf6+ Kf8 30. Ne5 Nd1 31. c4 Nc3 32. Rf2 Kg7 33. Ne8+ Rxe8
34. Bxe8 Re7 35. Rxf7+ Rxf7 36. Bxf7 Kf6 37. Nd7+ Kxf7 38. Nxc5 Ke7 39. Kf2 Kd6
40. Nb3 Ke5 41. Ke3 Na4 42. Nd4 a6 1/2-1/2

[Event "Sparkassen-Open A"]
[Site "Heusenstamm, Martinsee"]
[Date "2019.11.23"]
[Round "5.30"]
[White "Krämer, Enrico"]
[Black "Von Auer, Ulrich"]
[Result "1-0"]
[WhiteElo "2223"]
[BlackElo "2033"]
[PlyCount "99"]
[EventDate "2019.??.??"]
[WhiteTeam "SG Speyer-Schwegenheim"]
[BlackTeam "SF Frankfurt"]

1. d4 Nf6 2. Nf3 g6 3. g3 Bg7 4. Bg2 d5 5. O-O O-O 6. c4 c6 7. b3 Ne4 8. Bb2 e6
9. Nbd2 f5 10. e3 Nd7 11. Rc1 g5 12. Ne1 g4 13. Nd3 Qg5 14. Ba3 Re8 15. Nf4 Bf8
16. Bxf8 Nxf8 17. b4 Ng6 18. f3 Nxd2 19. Qxd2 gxf3 20. Bxf3 Nxf4 21. exf4 Qd8
22. c5 Bd7 23. Ra1 b5 24. a4 a6 25. Kf2 Qf6 26. Ra3 Rad8 27. Qe3 Re7 28. Rfa1
Qg7 29. axb5 axb5 30. Ra6 h6 31. Bh5 Kh7 32. Ke2 Qh8 33. Kd3 Qf6 34. Kc3 Rg7
35. R1a2 Rc8 36. Qe1 Rd8 37. Rb6 Re7 38. Raa6 Qg7 39. Qe2 Rc8 40. Rb7 Kh8 41.
Raa7 Rd8 42. Qa2 Rc8 43. Kd3 Kh7 44. Qa5 Kh8 45. Qb6 Kh7 46. Rb8 Rxb8 47. Qxb8
Qg8 48. Qd6 Qd8 49. Ra8 Qxa8 50. Qxe7+ 1-0

[Event "Sparkassen-Open A"]
[Site "Heusenstamm, Martinsee"]
[Date "2019.11.23"]
[Round "5.31"]
[White "Kirchner, Markus"]
[Black "Hilzinger, Markus"]
[Result "1/2-1/2"]
[WhiteElo "2038"]
[BlackElo "2141"]
[PlyCount "61"]
[EventDate "2019.??.??"]
[WhiteTeam "SF Schöneck"]
[BlackTeam "SC Pforzheim"]

1. e4 c5 2. Nf3 g6 3. d4 cxd4 4. Nxd4 Bg7 5. c4 Nc6 6. Be3 Nf6 7. Nc3 O-O 8.
Be2 d6 9. f3 Bd7 10. Qd2 Nxd4 11. Bxd4 a5 12. O-O Bc6 13. Be3 Nd7 14. b3 Nc5
15. Rab1 Be5 16. a3 b6 17. b4 axb4 18. axb4 Nd7 19. Rfc1 e6 20. Ra1 Qe7 21. Bd4
f5 22. Bxe5 Nxe5 23. Qd4 Qc7 24. Rxa8 Rxa8 25. Nd5 Bxd5 26. exd5 Ra2 27. Bf1
Ra4 28. f4 Ng4 29. dxe6 Qe7 30. h3 Nf6 31. Qxb6 1/2-1/2

[Event "Sparkassen-Open A"]
[Site "Heusenstamm, Martinsee"]
[Date "2019.11.23"]
[Round "5.32"]
[White "Boos, Markus"]
[Black "Deuer, Marius"]
[Result "0-1"]
[WhiteElo "2165"]
[BlackElo "1985"]
[PlyCount "154"]
[EventDate "2019.??.??"]
[WhiteTeam "Elberfelder SG"]
[BlackTeam "SC Weiße Dame Ulm"]

1. d4 Nf6 2. c4 e6 3. g3 Bb4+ 4. Bd2 Be7 5. Bg2 d5 6. Nf3 O-O 7. O-O Nbd7 8.
Qc2 c6 9. Bf4 b6 10. Nc3 Bb7 11. cxd5 cxd5 12. Nb5 Ne8 13. a4 Rc8 14. Qd3 a6
15. Nc3 Bd6 16. Bd2 Ndf6 17. Ng5 h6 18. Nh3 Bb8 19. f3 Nd7 20. Nf4 Nef6 21. e3
Re8 22. Qb1 e5 23. Nfe2 exd4 24. exd4 Bd6 25. Qd3 Nb8 26. Bh3 Rc7 27. Bf4 Nc6
28. Rfe1 Rce7 29. Kf2 Nb4 30. Qd2 Nh5 31. Bxd6 Qxd6 32. Bf5 Bc8 33. Bd3 Qf6 34.
Rad1 Bg4 35. f4 Bf5 36. Bxf5 Qxf5 37. Nc1 Nf6 38. Rxe7 Rxe7 39. Re1 Ng4+ 40.
Kf1 Rxe1+ 41. Kxe1 Qh5 42. Qe2 Qg6 43. Kf1 Nf6 44. Kg2 a5 45. Kf2 Ne4+ 46. Kg2
h5 47. Kg1 Qf5 48. Kg2 h4 49. Nb3 h3+ 50. Kf3 g5 51. Nxe4 dxe4+ 52. Qxe4 g4+
53. Ke3 Nd5+ 54. Kd3 Nxf4+ 55. Ke3 Nd5+ 56. Kd3 Nb4+ 57. Ke3 Nc2+ 58. Kd3 Ne1+
59. Ke3 Qxe4+ 60. Kxe4 Nf3 61. Ke3 Nxh2 62. Nd2 Kf8 63. Nc4 Nf3 64. Kf2 Nxd4
65. Nxb6 Ke8 66. Nc4 Nc6 67. Ne3 Ne5 68. b3 Kd7 69. Kg1 Kc6 70. Kh2 Kc5 71. Nc2
f5 72. Kh1 Nf3 73. Ne3 f4 74. gxf4 g3 75. f5 g2+ 76. Nxg2 hxg2+ 77. Kxg2 Nh4+
0-1

[Event "Sparkassen-Open A"]
[Site "Heusenstamm, Martinsee"]
[Date "2019.11.23"]
[Round "5.33"]
[White "Weiss, Matthias"]
[Black "Rolle, Eric"]
[Result "0-1"]
[WhiteElo "2036"]
[BlackElo "2206"]
[PlyCount "52"]
[EventDate "2019.??.??"]
[WhiteTeam "SF Schöneck"]
[BlackTeam "SK Marburg"]

1. e4 d5 2. exd5 Qxd5 3. Nc3 Qd6 4. d4 Nf6 5. Bd3 a6 6. Nge2 Nc6 7. Bf4 Qd8 8.
Ne4 Bg4 9. Nxf6+ gxf6 10. c3 e5 11. dxe5 fxe5 12. Bg3 Bc5 13. Be4 Qf6 14. Qa4
Bd7 15. Qc4 Bb6 16. Rd1 O-O-O 17. Bd5 Rdg8 18. Bh4 Qh6 19. Bxf7 Rg4 20. Qd5
Rxh4 21. Qxd7+ Kb8 22. Bd5 Rf8 23. O-O Rxh2 24. Ng3 Qh4 25. Qg7 Rf6 26. Bxc6
Rh6 0-1

[Event "Sparkassen-Open A"]
[Site "Heusenstamm, Martinsee"]
[Date "2019.11.23"]
[Round "5.34"]
[White "Syed, Tareq"]
[Black "Farmani Anosheh, Yasha"]
[Result "0-1"]
[WhiteElo "2027"]
[BlackElo "2182"]
[PlyCount "100"]
[EventDate "2019.??.??"]
[WhiteTeam "SC Brett vorm Kopp"]
[BlackTeam "SK Ladenburg"]

1. d3 d5 2. e4 dxe4 3. dxe4 Qxd1+ 4. Kxd1 e5 5. Be3 Be6 6. Nd2 Nd7 7. Bc4 Bxc4
8. Nxc4 O-O-O 9. Ke2 Bc5 10. Nh3 f6 11. Rhd1 Bxe3 12. Kxe3 Ne7 13. f3 Nc5 14.
g3 Nc6 15. c3 Na4 16. Rxd8+ Nxd8 17. Kd2 g5 18. Nf2 Ne6 19. Kc2 h5 20. Ne3 c6
21. Rd1 Nac5 22. b4 Nd7 23. a4 Kc7 24. Nf5 a5 25. Kb3 Ra8 26. Rd2 b5 27. Ra2
bxa4+ 28. Rxa4 Ndc5+ 29. bxc5 Nxc5+ 30. Ka3 Nxa4 31. Kxa4 Rd8 32. Ne3 Rd2 33.
Ned1 Kb6 34. Kb3 Kc5 35. Nb2 Kb5 36. c4+ Kb6 37. Nbd3 Re2 38. Ka4 Ra2+ 39. Kb3
Rd2 40. Ka3 Rc2 41. Ka4 Ka6 42. Nc5+ Ka7 43. Ncd3 Kb6 44. c5+ Ka6 45. h4 Rd2
46. Kb3 Kb5 47. Kc3 Re2 48. Nh3 gxh4 49. gxh4 a4 50. f4 a3 0-1

[Event "Sparkassen-Open A"]
[Site "Heusenstamm, Martinsee"]
[Date "2019.11.23"]
[Round "5.35"]
[White "Woestmann, Ulrich"]
[Black "Wolf, Ulrich Martin"]
[Result "0-1"]
[WhiteElo "2014"]
[BlackElo "2151"]
[PlyCount "82"]
[EventDate "2019.??.??"]
[WhiteTeam "SV Ahlen"]
[BlackTeam "SC Hansa Dortmund"]

1. e4 c5 2. Nc3 Nc6 3. g3 g6 4. Bg2 Bg7 5. d3 d6 6. f4 e6 7. Nf3 Nge7 8. O-O
O-O 9. Be3 Nd4 10. Bf2 Nec6 11. e5 dxe5 12. Nxe5 Nxe5 13. fxe5 Rb8 14. Ne4 b6
15. c3 Nf5 16. Nf6+ Bxf6 17. exf6 h5 18. h3 Qxf6 19. g4 hxg4 20. hxg4 Qg5 21.
Qf3 Bb7 22. Qh3 Bxg2 23. Kxg2 Nh6 24. Bg3 Rbc8 25. Rf4 Kg7 26. Raf1 Qd5+ 27.
Kg1 f6 28. R1f3 Rce8 29. Qf1 f5 30. gxf5 exf5 31. Rh4 Nf7 32. Qg2 Rh8 33. Rhf4
Rh5 34. c4 Qe6 35. Bf2 Rg5 36. Rg3 Rxg3 37. Qxg3 Rh8 38. Be1 Rh5 39. Bc3+ Kf8
40. Qf3 Qe8 41. d4 Ng5 0-1

[Event "Sparkassen-Open A"]
[Site "Heusenstamm, Martinsee"]
[Date "2019.11.23"]
[Round "5.36"]
[White "Volkov, Mykyta"]
[Black "Weber, Jannis"]
[Result "1-0"]
[WhiteElo "2142"]
[BlackElo "1942"]
[PlyCount "91"]
[EventDate "2019.??.??"]
[WhiteTeam "Elberfelder SG"]
[BlackTeam "SV Hennef"]

1. d4 Nf6 2. c4 g6 3. Nc3 d5 4. cxd5 Nxd5 5. Bd2 Bg7 6. e4 Nxc3 7. Bxc3 c5 8.
d5 Bxc3+ 9. bxc3 O-O 10. Be2 Nd7 11. Nf3 Nf6 12. Qd3 Bg4 13. Rd1 Qa5 14. Rd2 b5
15. Ne5 Bxe2 16. Rxe2 Qc7 17. f4 Nd7 18. Nxd7 Qxd7 19. c4 Rab8 20. O-O e6 21.
d6 bxc4 22. Qd1 Qc6 23. e5 c3 24. Rf3 Rb4 25. Rxc3 Rxf4 26. Qc1 Qa6 27. Re1 Rf5
28. Rxc5 Qxa2 29. Rc8 Qf2+ 30. Kh1 Qxe1+ 31. Qxe1 Rxc8 32. h3 f6 33. Qa5 Rxe5
34. d7 Rc1+ 35. Kh2 Rxa5 36. d8=Q+ Kg7 37. Qxa5 a6 38. Qd8 g5 39. Qe7+ Kg6 40.
Qxe6 a5 41. Qg8+ Kh6 42. Qf7 Rf1 43. g3 a4 44. Kg2 Rf5 45. Qe6 Kg6 46. Qe4 1-0

[Event "Sparkassen-Open A"]
[Site "Heusenstamm, Martinsee"]
[Date "2019.11.23"]
[Round "5.37"]
[White "Wiley, Tom E"]
[Black "Werner, Dimo"]
[Result "1/2-1/2"]
[WhiteElo "2141"]
[BlackElo "1989"]
[PlyCount "69"]
[EventDate "2019.??.??"]
[WhiteTeam "Europchess"]
[BlackTeam "TSV Schott Mainz"]

1. d4 Nf6 2. c4 e6 3. Nc3 Bb4 4. Qc2 c5 5. dxc5 Na6 6. a3 Bxc3+ 7. Qxc3 Nxc5 8.
f3 b6 9. b4 Nb7 10. Bb2 O-O 11. e3 Qc7 12. Rc1 d5 13. Qb3 dxc4 14. Bxc4 Qe7 15.
Nh3 Nd6 16. Bd3 e5 17. Nf2 Be6 18. Qd1 Nd5 19. Qe2 f6 20. g3 Rac8 21. O-O Rxc1
22. Rxc1 Rc8 23. Rxc8+ Nxc8 24. f4 exf4 25. exf4 Bf7 26. Qxe7 Ndxe7 27. Ne4 Nd5
28. Kf2 Kf8 29. Nc3 Nxc3 30. Bxc3 h6 31. b5 Ke7 32. Bb4+ Nd6 33. Ke3 Kd7 34.
Kd4 Bb3 35. Bxd6 1/2-1/2

[Event "Sparkassen-Open A"]
[Site "Heusenstamm, Martinsee"]
[Date "2019.11.23"]
[Round "5.38"]
[White "Kather, Yannick"]
[Black "Schultze, Jörg-Martin"]
[Result "1-0"]
[WhiteElo "2137"]
[BlackElo "1950"]
[PlyCount "99"]
[EventDate "2019.??.??"]
[WhiteTeam "SW Lichtenrade"]
[BlackTeam "SF Anderssen Wetzlar"]

1. e4 c6 2. d4 d5 3. Nd2 dxe4 4. Nxe4 Nf6 5. Nxf6+ exf6 6. c3 Bd6 7. Bd3 O-O 8.
Qc2 Re8+ 9. Ne2 g6 10. Bd2 Bg4 11. f3 Be6 12. O-O-O Bf5 13. g4 Bxd3 14. Qxd3
Nd7 15. f4 c5 16. f5 cxd4 17. fxg6 hxg6 18. cxd4 Nb6 19. Kb1 Nd5 20. Qf3 Nb4
21. h4 Rc8 22. Nc3 Bf8 23. d5 Qb6 24. g5 Bg7 25. gxf6 Qxf6 26. Qxf6 Bxf6 27.
Nb5 Rc2 28. Bc3 Bxc3 29. Nxc3 Rg2 30. a3 Nc2 31. d6 Rd8 32. Rh3 Kg7 33. d7 Kf6
34. Ne4+ Ke7 35. Rc3 Nxa3+ 36. Rxa3 Rxd7 37. Rxd7+ Kxd7 38. Rxa7 Kc6 39. Ra3
Rg4 40. Rc3+ Kb6 41. Nd6 Rxh4 42. Nxf7 Ka5 43. Rg3 Ka4 44. Rxg6 b5 45. Ka2 b4
46. Ra6+ Kb5 47. Ra8 Rh1 48. Rh8 Rg1 49. Rh5+ Ka4 50. b3# 1-0

[Event "Sparkassen-Open A"]
[Site "Heusenstamm, Martinsee"]
[Date "2019.11.23"]
[Round "5.39"]
[White "Lesny, Florian"]
[Black "Voss, Georg"]
[Result "1-0"]
[WhiteElo "2138"]
[BlackElo "1950"]
[PlyCount "75"]
[EventDate "2019.??.??"]
[WhiteTeam "SK Niederbrechen"]
[BlackTeam "SV Schmallenberg"]

1. e4 d5 2. exd5 Qxd5 3. Nc3 Qd8 4. d4 g6 5. Bc4 Bg7 6. Nf3 e6 7. O-O c6 8. Re1
Ne7 9. Ne4 O-O 10. Bg5 f6 11. Bd2 Nd5 12. Bb3 b5 13. a4 b4 14. Nc5 Re8 15. a5
Na6 16. Nd3 Rb8 17. Bc4 Bf8 18. Qe2 Nac7 19. h4 Ba6 20. Bxa6 Nxa6 21. h5 gxh5
22. Nf4 Nxf4 23. Qxa6 Qd6 24. Re4 e5 25. Bxf4 exf4 26. Rxe8 Rxe8 27. Qxa7 c5
28. a6 cxd4 29. Qxd4 Qxd4 30. Nxd4 Bc5 31. a7 Ra8 32. Nc6 Kf8 33. Ra5 Bb6 34.
Rxh5 Bxa7 35. Rxh7 Bxf2+ 36. Kxf2 Ra2 37. Nxb4 Rxb2 38. Rb7 1-0